Statistics for The Porpoise Quiz

Click here to take the quiz!

General Stats

  • This quiz has been taken 4 times
  • The average score is 7 of 16

Answer Stats

HintAnswer% Correct
Main component of their dietFish
100%
Sense that porpoises do not haveSmell
100%
Essential biological process which most mammals do unconsciously but porpoises do consciouslyBreathing
67%
Primary sense they useEcholocation
67%
Species of porpoise (only lives in coastal waters in southern South America)Burmeister's porpoise
33%
Species of porpoise (largest species and is black and white)Dall's porpoise
33%
Species of porpoise (lives in waters surrounding China, Korea, and Japan)East Asian finless porpoise
33%
Name for their two limbs which help them swimFlippers
33%
Fishing practice which threatens porpoise populationsGillnetting
33%
Species of porpoise (stays close to the coast and is the most familiar to whale watchers and scientists)Harbour porpoise
33%
Species of porpoise (lives in the Indian Ocean and in around Southeast Asia)Indo-Pacific finless porpoise
33%
Organ located in the skull which sends out high frequency clicksMelon
33%
Species of porpoise (little-known and lives in Antarctic and subantarctic waters)Spectacled porpoise
33%
Species of porpoise (smallest species and almost extinct)Vaquita
33%
Species of porpoise (lives in freshwater and formerly considered to be a subspecies of the former)Yangtze finless porpoise
33%
Name of biological family which contains porpoisesPhocoenidae
0%

Score Distribution

Percentile by Number Answered

Percent of People with Each Score

Your Score History

You have not taken this quiz